[Event "Titled Tuesday intern op 16th Apr Early"]
[Site "Chess.com INT"]
[Date "2024.04.16"]
[Round "5"]
[White "Karttunen, Mika"]
[Black "Gajic, Mladen"]
[Result "0-1"]
[WhiteElo "2479"]
[BlackElo "2294"]
[PlyCount "82"]
[EventDate "2024.04.16"]
[EventType "swiss (blitz)"]
[EventRounds "11"]
[EventCountry "USA"]
[SourceTitle "CB17_2024"]
[SourceDate "2024.04.24"]
[SourceVersion "1"]
[SourceVersionDate "2024.04.24"]
[SourceQuality "1"]

1. e4 Nf6 2. e5 Nd5 3. c4 Nb6 4. d4 d6 5. f4 g6 6. Be3 Bg7 7. Nc3 Be6 8. b3 0-0 9. Rc1 dxe5 10. fxe5 c5 11. d5 Bf5 12. g4 Bc8 13. e6 fxe6 14. Bg2 exd5 15. Bxd5+ Nxd5 16. Qxd5+ Qxd5 17. Nxd5 Nc6 18. Bxc5 Bxg4 19. Ne2 b6 20. Be3 e6 21. Nc7 Rac8 22. Nb5 Nb4 23. Rd1 Nc2+ 24. Kd2 Nxe3 25. Kxe3 Bh6+ 26. Kd3 Rcd8+ 27. Ned4 e5 28. Rde1 exd4 29. Re7 Bf5+ 30. Ke2 d3+ 31. Kd1 d2 32. h3 Rfe8 33. Rxe8+ Rxe8 34. Nd4 Re1+ 35. Rxe1 dxe1Q+ 36. Kxe1 Bxh3 37. b4 Bd7 38. c5 bxc5 39. bxc5 Be3 40. c6 Bxd4 41. cxd7 Bb6 0-1

[Event "Titled Tuesday intern op 16th Apr Early"]
[Site "Chess.com INT"]
[Date "2024.04.16"]
[Round "10"]
[White "Veinberg, Nimrod"]
[Black "Gajic, Mladen"]
[Result "1-0"]
[WhiteElo "2410"]
[BlackElo "2294"]
[PlyCount "107"]
[EventDate "2024.04.16"]
[EventType "swiss (blitz)"]
[EventRounds "11"]
[EventCountry "USA"]
[SourceTitle "CB17_2024"]
[SourceDate "2024.04.24"]
[SourceVersion "1"]
[SourceVersionDate "2024.04.24"]
[SourceQuality "1"]

1. e4 Nf6 2. e5 Nd5 3. c4 Nb6 4. d4 d6 5. f4 g6 6. Nc3 Bg7 7. Be3 Be6 8. b3 0-0 9. Be2 dxe5 10. fxe5 Bf5 11. Nf3 c5 12. d5 N6d7 13. Rc1 Nxe5 14. Nxe5 Bxe5 15. Bxc5 Na6 16. Bf2 e6 17. 0-0 exd5 18. Nxd5 Nc7 19. Bf3 Nxd5 20. Qxd5 Qc7 21. Qxb7 Bxh2+ 22. Kh1 Qf4 23. Qe7 Rae8 24. Qh4 Bd3 25. Qxh2 Qd2 26. Rcd1 Qc2 27. Bd4 Bxf1 28. Rxf1 Qd2 29. Bc5 Re1 30. Rxe1 Qxe1+ 31. Bg1 Rd8 32. Bd5 Re8 33. Qf4 Re7 34. Kh2 h6 35. Bd4 g5 36. Qg3 Qd1 37. Bf6 Qh5+ 38. Qh3 Qxh3+ 39. Kxh3 Re3+ 40. Kh2 Re2 41. a4 Rc2 42. Bd4 h5 43. c5 a6 44. c6 g4 45. Kg3 Rd2 46. Bc4 h4+ 47. Kxh4 Rxd4 48. c7 g3+ 49. Kxg3 Kg7 50. c8Q Rd6 51. Qc7 Rg6+ 52. Kf2 Rf6+ 53. Ke3 Rg6 54. Qe5+ 1-0

[Event "Pozarevac Rudar 8th"]
[Site "Pozarevac"]
[Date "2022.12.24"]
[Round "6"]
[White "Gajic, Mladen"]
[Black "Ivanov, Mikhail M"]
[Result "0-1"]
[WhiteElo "2276"]
[BlackElo "2334"]
[PlyCount "72"]
[EventDate "2022.12.20"]
[EventType "tourn"]
[EventRounds "9"]
[EventCountry "SRB"]
[SourceTitle "CBM 212 Extra"]
[Source "ChessBase"]
[SourceDate "2023.03.31"]
[SourceVersion "1"]
[SourceVersionDate "2023.03.31"]
[SourceQuality "1"]

1. e4 e5 2. Nc3 Bc5 3. Nf3 Nc6 4. Nxe5 Nxe5 5. d4 Bd6 6. dxe5 Bxe5 7. Bc4 Nf6 8. 0-0 0-0 9. Re1 c6 10. Qf3 Qc7 11. h3 d6 12. Bf4 b5 13. Bb3 Nd7 14. a4 b4 15. Nd1 Nc5 16. Bc4 d5 17. Be3 Nxe4 18. Bd3 f5 19. a5 Be6 20. a6 Rae8 21. Qe2 d4 22. Bc1 Bd5 23. Qf1 Bh2+ 24. Kh1 Bd6 25. Kg1 Qf7 26. Ra5 Bh2+ 27. Kh1 Bc7 28. Ra1 Qg6 29. Bc4 Ng3+ 30. fxg3 Qxg3 31. Bxd5+ cxd5 32. Re5 Rxe5 33. Bf4 Qxf4 34. Ra3 Qxf1+ 35. Kh2 Re2+ 36. Rg3 Qxg2# 0-1

[Event "Pozarevac Rudar 8th"]
[Site "Pozarevac"]
[Date "2022.12.24"]
[Round "5"]
[White "Shoshin, Kirill"]
[Black "Gajic, Mladen"]
[Result "1/2-1/2"]
[WhiteElo "2280"]
[BlackElo "2276"]
[PlyCount "34"]
[EventDate "2022.12.20"]
[EventType "tourn"]
[EventRounds "9"]
[EventCountry "SRB"]
[SourceTitle "CBM 212 Extra"]
[Source "ChessBase"]
[SourceDate "2023.03.31"]
[SourceVersion "1"]
[SourceVersionDate "2023.03.31"]
[SourceQuality "1"]

1. e4 Nf6 2. e5 Nd5 3. d4 d6 4. c4 Nb6 5. f4 g6 6. Nc3 Bg7 7. Be3 Be6 8. d5 Bc8 9. Nf3 0-0 10. Be2 e6 11. 0-0 exd5 12. cxd5 Bg4 13. Qb3 dxe5 14. fxe5 Bxf3 15. Bxf3 Bxe5 16. Rad1 Qh4 17. g3 Bxg3 1/2-1/2

[Event "Pozarevac Rudar 4th"]
[Site "Pozarevac"]
[Date "2022.08.14"]
[Round "2"]
[White "Gajic, Mladen"]
[Black "Lu, Miaoyi"]
[Result "1/2-1/2"]
[WhiteElo "2328"]
[BlackElo "2225"]
[PlyCount "36"]
[EventDate "2022.08.13"]
[EventType "tourn"]
[EventRounds "9"]
[EventCountry "SRB"]
[SourceTitle "CBM 209 Extra"]
[Source "ChessBase"]
[SourceDate "2022.09.30"]
[SourceVersion "1"]
[SourceVersionDate "2022.09.30"]
[SourceQuality "1"]

1. d4 Nf6 2. Nf3 d5 3. e3 e6 4. Bd3 c5 5. c3 b6 6. 0-0 Bb7 7. Nbd2 Be7 8. b3 0-0 9. Bb2 Ne4 10. Rc1 f5 11. c4 Nd7 12. Qe2 Bd6 13. Rc2 Qb8 14. cxd5 exd5 15. Bb5 Ndf6 16. Ba6 Bxa6 17. Qxa6 Ng4 18. g3 Re8 1/2-1/2

[Event "Prague op"]
[Site "Prague"]
[Date "2022.06.12"]
[Round "4"]
[White "Gajic, Mladen"]
[Black "Santiago, Yago de Moura"]
[Result "0-1"]
[WhiteElo "2325"]
[BlackElo "2509"]
[PlyCount "80"]
[EventDate "2022.06.10"]
[EventType "swiss"]
[EventRounds "9"]
[EventCountry "CZE"]
[SourceTitle "CBM 208 Extra"]
[Source "ChessBase"]
[SourceDate "2022.07.31"]
[SourceVersion "1"]
[SourceVersionDate "2022.07.31"]
[SourceQuality "1"]

1. e4 c6 2. Nf3 d5 3. exd5 cxd5 4. Ne5 Nf6 5. d4 Bf5 6. Bb5+ Nbd7 7. 0-0 a6 8. Bd3 Bxd3 9. Nxd3 e6 10. Re1 Bd6 11. Nd2 Qc7 12. h3 0-0 13. c3 b5 14. Nf3 Ne4 15. Nfe5 Nxe5 16. dxe5 Be7 17. Be3 a5 18. a3 Rfc8 19. Qg4 Nc5 20. Bxc5 Bxc5 21. a4 Bf8 22. axb5 Qb7 23. Qa4 Rc4 24. Qb3 a4 25. Qc2 Qxb5 26. Qd2 Rac8 27. Rec1 h6 28. g3 Rd8 29. Ne1 d4 30. Qe2 Rb8 31. Nd3 dxc3 32. bxc3 a3 33. Rc2 Rbc8 34. Qd2 Rd8 35. Qe2 Rc7 36. Nc1 Qa4 37. Raa2 Rdc8 38. Qd2 Qa5 39. Ne2 Qxe5 40. Nd4 Qd5 0-1

[Event "Deltalift op"]
[Site "Tylosand"]
[Date "2022.05.28"]
[Round "7"]
[White "Gajic, Mladen"]
[Black "Harren, Mats"]
[Result "1-0"]
[WhiteElo "2321"]
[BlackElo "2084"]
[PlyCount "81"]
[EventDate "2022.05.26"]
[EventType "swiss"]
[EventRounds "8"]
[EventCountry "SWE"]
[SourceTitle "CBM 208 Extra"]
[Source "ChessBase"]
[SourceDate "2022.07.31"]
[SourceVersion "1"]
[SourceVersionDate "2022.07.31"]
[SourceQuality "1"]

1. d4 Nf6 2. Bg5 e6 3. e4 h6 4. Bxf6 Qxf6 5. c3 d6 6. Bd3 g6 7. Ne2 Bg7 8. 0-0 e5 9. f4 Qe7 10. Qa4+ c6 11. Nd2 0-0 12. Qa3 Qd8 13. Kh1 Bg4 14. Nf3 Qc7 15. h3 Bxf3 16. Rxf3 Nd7 17. dxe5 dxe5 18. f5 Bf6 19. Raf1 Kg7 20. Bc4 b6 21. b4 a5 22. fxg6 fxg6 23. Qc1 b5 24. Bb3 a4 25. Be6 Nb6 26. a3 Rad8 27. Qe3 Rd6 28. Ba2 Qd8 29. h4 Rd2 30. Be6 Rd6 31. Ba2 Nd7 32. Ng3 Qb6 33. Qc1 h5 34. c4 c5 35. cxb5 cxb4 36. axb4 Qxb5 37. Nxh5+ Kh7 38. Qc7 Qc6 39. Nxf6+ Rfxf6 40. Qd8 Nf8 41. Qe7+ 1-0

[Event "Deltalift op"]
[Site "Tylosand"]
[Date "2022.05.28"]
[Round "8"]
[White "Seo, Jung Min"]
[Black "Gajic, Mladen"]
[Result "1/2-1/2"]
[WhiteElo "2483"]
[BlackElo "2321"]
[PlyCount "88"]
[EventDate "2022.05.26"]
[EventType "swiss"]
[EventRounds "8"]
[EventCountry "SWE"]
[SourceTitle "CBM 208 Extra"]
[Source "ChessBase"]
[SourceDate "2022.07.31"]
[SourceVersion "1"]
[SourceVersionDate "2022.07.31"]
[SourceQuality "1"]

1. d4 e6 2. c4 f5 3. g3 Nf6 4. Bg2 d5 5. Nd2 c6 6. Nh3 Bd6 7. Qc2 0-0 8. 0-0 b6 9. Nf3 Ne4 10. Bf4 Be7 11. cxd5 cxd5 12. Rfc1 g5 13. Bxb8 Rxb8 14. Ne5 Rb7 15. f3 Nd6 16. Nc6 Qe8 17. Nxe7+ Qxe7 18. Qd2 f4 19. b3 e5 20. dxe5 Qxe5 21. Nf2 Nf5 22. gxf4 gxf4 23. Bh3 Rg7+ 24. Kh1 Ba6 25. Bxf5 Rxf5 26. Nd3 Qf6 27. Rg1 Bxd3 28. Qxd3 Rfg5 29. Rac1 R7g6 30. Rc8+ Kg7 31. Rc7+ Kh6 32. Rcc1 Qe5 33. Rcd1 a5 34. a4 Rxg1+ 35. Rxg1 Rxg1+ 36. Kxg1 d4 37. Kf1 Kg7 38. Qc4 h5 39. Qc6 Qf6 40. Qd7+ Kh6 41. Qd5 Kg6 42. Qe4+ Kg5 43. Qd5+ Kg6 44. Qb5 Qd6 1/2-1/2

[Event "Paracin Summer op 14th"]
[Site "Paracin"]
[Date "2021.07.15"]
[Round "8"]
[White "Gajic, Mladen"]
[Black "Dolgun, Can"]
[Result "0-1"]
[WhiteElo "2352"]
[BlackElo "2133"]
[PlyCount "32"]
[EventDate "2021.07.09"]
[EventType "swiss"]
[EventRounds "9"]
[EventCountry "SRB"]
[SourceTitle "EXT 2022"]
[Source "ChessBase"]
[SourceDate "2021.10.06"]
[SourceVersion "1"]
[SourceVersionDate "2021.10.06"]
[SourceQuality "1"]

1. e4 e5 2. Nc3 Nf6 3. f4 d5 4. fxe5 Nxe4 5. Qf3 f5 6. d3 Nxc3 7. bxc3 d4 8. Qg3 dxc3 9. Be2 Be6 10. Bh5+ g6 11. Bf3 Nc6 12. Ne2 Nb4 13. Kd1 Qd7 14. a4 0-0-0 15. Nf4 Ba2 16. Rxa2 Nxa2 0-1

[Event "Paracin Summer op 14th"]
[Site "Paracin"]
[Date "2021.07.10"]
[Round "2"]
[White "Gajic, Mladen"]
[Black "Bozilov, Dragan"]
[Result "1-0"]
[WhiteElo "2352"]
[BlackElo "2056"]
[PlyCount "33"]
[EventDate "2021.07.09"]
[EventType "swiss"]
[EventRounds "9"]
[EventCountry "SRB"]
[SourceTitle "EXT 2022"]
[Source "ChessBase"]
[SourceDate "2021.10.06"]
[SourceVersion "1"]
[SourceVersionDate "2021.10.06"]
[SourceQuality "1"]

1. d4 Nf6 2. Bg5 d5 3. Bxf6 exf6 4. e3 Bd6 5. c4 dxc4 6. Bxc4 0-0 7. Nc3 c6 8. Qf3 Qe7 9. Nge2 Nd7 10. 0-0-0 Rb8 11. Ng3 g6 12. h4 Bxg3 13. Qxg3 b5 14. Bb3 a5 15. h5 Kg7 16. hxg6 fxg6 17. Qh2 1-0

[Event "Paracin Summer op 14th"]
[Site "Paracin"]
[Date "2021.07.09"]
[Round "1"]
[White "Jordanov, Mihail"]
[Black "Gajic, Mladen"]
[Result "1/2-1/2"]
[WhiteElo "2082"]
[BlackElo "2352"]
[PlyCount "52"]
[EventDate "2021.07.09"]
[EventType "swiss"]
[EventRounds "9"]
[EventCountry "SRB"]
[SourceTitle "EXT 2022"]
[Source "ChessBase"]
[SourceDate "2021.10.06"]
[SourceVersion "1"]
[SourceVersionDate "2021.10.06"]
[SourceQuality "1"]

1. e4 Nf6 2. d3 d5 3. exd5 Nxd5 4. g3 g6 5. Bg2 Bg7 6. Ne2 0-0 7. Nbc3 c6 8. h3 e5 9. Nxd5 cxd5 10. 0-0 Nc6 11. f4 e4 12. Kh2 f5 13. c4 Be6 14. cxd5 Bxd5 15. dxe4 Bxe4 16. Qb3+ Kh8 17. Bxe4 fxe4 18. Rd1 Qb6 19. Qxb6 axb6 20. Nc3 Nb4 21. Nxe4 Rfe8 22. Nc3 Bxc3 23. bxc3 Re2+ 24. Kg1 Nc2 25. Rb1 Rxa2 26. Rxb6 Nd4 1/2-1/2

[Event "Arandjelovac IM 3rd"]
[Site "Arandjelovac"]
[Date "2021.04.21"]
[Round "8"]
[White "Gajic, Mladen"]
[Black "Ajay, Karthikeyan"]
[Result "0-1"]
[WhiteElo "2356"]
[BlackElo "2315"]
[PlyCount "90"]
[EventDate "2021.04.17"]
[EventType "swiss"]
[EventRounds "10"]
[EventCountry "SRB"]
[SourceTitle "CBM 202 Extra"]
[Source "ChessBase"]
[SourceDate "2021.07.31"]
[SourceVersion "1"]
[SourceVersionDate "2021.07.31"]
[SourceQuality "1"]

1. d4 d5 2. Nf3 Nf6 3. Nbd2 Bf5 4. e3 e6 5. Ne5 h6 6. Bd3 Bxd3 7. cxd3 Nbd7 8. 0-0 Bd6 9. Nxd7 Nxd7 10. e4 c6 11. Re1 Qb6 12. exd5 cxd5 13. Qg4 Nf6 14. Qh4 g5 15. Qh3 Qxd4 16. Nf3 Qg4 17. Nxg5 Rc8 18. Nf3 Qxh3 19. gxh3 Nh5 20. Be3 Nf4 21. Bxa7 Rg8+ 22. Kf1 Nxd3 23. Re3 Nxb2 24. Rb3 Nc4 25. Rxb7 Na5 26. Rb5 Nc6 27. Be3 Kd7 28. Bxh6 d4 29. h4 e5 30. Bg5 Ke6 31. Bd2 f6 32. h5 Ra8 33. h6 Ra3 34. Rc1 Ne7 35. Ke2 Rxa2 36. Rb7 Rh8 37. Ke1 Nf5 38. h7 Ne7 39. Rb6 Rxh7 40. Bb4 Nf5 41. Rcc6 Rd7 42. Nh4 Nxh4 43. Bxd6 Nf3+ 44. Kf1 Kf5 45. Bc7 Ke4 0-1

[Event "Arandjelovac ASK IM 2nd"]
[Site "Arandjelovac"]
[Date "2021.04.10"]
[Round "1"]
[White "Singh, Ojasva"]
[Black "Gajic, Mladen"]
[Result "1/2-1/2"]
[WhiteElo "1933"]
[BlackElo "2356"]
[PlyCount "124"]
[EventDate "2021.04.10"]
[EventType "tourn"]
[EventRounds "9"]
[EventCountry "SRB"]
[SourceTitle "CBM 201 Extra"]
[Source "ChessBase"]
[SourceDate "2021.05.31"]
[SourceVersion "1"]
[SourceVersionDate "2021.05.31"]
[SourceQuality "1"]

1. e4 g6 2. d4 Bg7 3. Nf3 d6 4. Be2 a6 5. Nc3 b5 6. 0-0 Bb7 7. Re1 Nd7 8. a4 b4 9. Na2 c5 10. c3 bxc3 11. Nxc3 cxd4 12. Nxd4 Ngf6 13. Bc4 0-0 14. Ba2 Rc8 15. f3 h5 16. Be3 h4 17. h3 Qa5 18. Qd2 Qh5 19. Rac1 d5 20. exd5 Nxd5 21. Bxd5 Bxd5 22. Nxd5 Qxd5 23. Nc6 Qxd2 24. Bxd2 Kh7 25. Rxe7 Bxb2 26. Rc2 Nc5 27. Rxc5 Ba3 28. Ree5 Bxc5+ 29. Rxc5 f6 30. a5 Rf7 31. Bf4 g5 32. Bh2 Re7 33. Rc2 Rd7 34. Kf1 Rd1+ 35. Ke2 Rd5 36. Rc4 Re8+ 37. Kf1 Rd1+ 38. Kf2 Rd2+ 39. Kf1 Ree2 40. Bg1 f5 41. Nd4 Re5 42. Nc2 Rd1+ 43. Kf2 Rxa5 44. Rd4 Rc1 45. Ne1 Kg6 46. Rd6+ Kf7 47. Kf1 Re5 48. Bf2 a5 49. f4 gxf4 50. Bxh4 a4 51. Ra6 Ra1 52. Bf2 a3 53. h4 a2 54. h5 Re6 55. Ra5 Kg8 56. Ra7 Kf8 57. g3 fxg3 58. Bxg3 f4 59. Bf2 Ke8 60. Kg2 Rh6 61. Nc2 Rc1 62. Rxa2 Rxh5 1/2-1/2

[Event "Arandjelovac IM 1st"]
[Site "Arandjelovac"]
[Date "2021.04.07"]
[Round "6"]
[White "Singh, Ojasva"]
[Black "Gajic, Mladen"]
[Result "0-1"]
[WhiteElo "1933"]
[BlackElo "2356"]
[PlyCount "56"]
[EventDate "2021.04.03"]
[EventType "tourn"]
[EventRounds "9"]
[EventCountry "SRB"]
[EventCategory "1"]
[SourceTitle "CBM 201 Extra"]
[Source "ChessBase"]
[SourceDate "2021.05.31"]
[SourceVersion "1"]
[SourceVersionDate "2021.05.31"]
[SourceQuality "1"]

1. e4 Nf6 2. e5 Nd5 3. d4 d6 4. Nf3 Nc6 5. c4 Nb6 6. e6 fxe6 7. Nc3 g6 8. h4 Bg7 9. h5 e5 10. d5 Nd4 11. hxg6 hxg6 12. Rxh8+ Bxh8 13. Nh4 c6 14. Nxg6 Kd7 15. Bd3 Kc7 16. Qh5 Bd7 17. Bg5 Bf6 18. 0-0-0 Bxg5+ 19. Qxg5 e6 20. Qg3 exd5 21. c5 Qf6 22. cxb6+ axb6 23. f3 Bf5 24. Nh4 Bxd3 25. Rxd3 Rh8 26. Qg6 Qxh4 27. Qg7+ Kb8 28. Na4 Qf4+ 0-1

[Event "Arandjelovac IM 1st"]
[Site "Arandjelovac"]
[Date "2021.04.06"]
[Round "5"]
[White "Parnali, S Dharia"]
[Black "Gajic, Mladen"]
[Result "0-1"]
[WhiteElo "2243"]
[BlackElo "2356"]
[PlyCount "66"]
[EventDate "2021.04.03"]
[EventType "tourn"]
[EventRounds "9"]
[EventCountry "SRB"]
[EventCategory "1"]
[SourceTitle "CBM 201 Extra"]
[Source "ChessBase"]
[SourceDate "2021.05.31"]
[SourceVersion "1"]
[SourceVersionDate "2021.05.31"]
[SourceQuality "1"]

1. d4 Nf6 2. c4 c5 3. d5 e6 4. Nc3 exd5 5. cxd5 d6 6. g3 g6 7. Bg2 Bg7 8. Nf3 0-0 9. 0-0 a6 10. a4 Nbd7 11. Nd2 Re8 12. h3 Rb8 13. Nc4 Ne5 14. Na3 Nh5 15. Ne4 b5 16. axb5 axb5 17. Qb3 Bf5 18. Bg5 f6 19. Bd2 Nf7 20. Nxb5 Bxe4 21. Bxe4 Rxe4 22. Qd3 f5 23. Na7 Ne5 24. Qa6 Rb6 25. Qc8 Qxc8 26. Nxc8 Rxb2 27. Bc3 Rb8 28. Nxd6 Rxe2 29. Rfb1 Rd8 30. Ra6 Nf3+ 31. Kf1 Rc2 32. Ba5 Bd4 33. Be1 Bxf2 0-1

[Event "Arandjelovac IM 1st"]
[Site "Arandjelovac"]
[Date "2021.04.04"]
[Round "2"]
[White "Gajic, Mladen"]
[Black "Kostic, Vladimir G"]
[Result "0-1"]
[WhiteElo "2356"]
[BlackElo "2302"]
[PlyCount "21"]
[EventDate "2021.04.03"]
[EventType "tourn"]
[EventRounds "9"]
[EventCountry "SRB"]
[EventCategory "1"]
[SourceTitle "CBM 201 Extra"]
[Source "ChessBase"]
[SourceDate "2021.05.31"]
[SourceVersion "1"]
[SourceVersionDate "2021.05.31"]
[SourceQuality "1"]

1. e4 c5 2. c3 d6 3. d4 Nf6 4. f3 Nc6 5. Be3 Qb6 6. Qd2 e6 7. g3 Be7 8. Bg2 d5 9. e5 Nd7 10. f4 cxd4 11. cxd4 0-1

[Event "SWE-chT 1920 Elite"]
[Site "Sweden"]
[Date "2019.10.18"]
[Round "1.3"]
[White "Hauge, Lars Oskar"]
[Black "Gajic, Mladen"]
[Result "1-0"]
[WhiteElo "2483"]
[BlackElo "2303"]
[PlyCount "69"]
[EventDate "2019.10.18"]
[EventType "team-tourn"]
[EventRounds "9"]
[EventCountry "SWE"]
[SourceTitle "CBM 192 Extra"]
[Source "Chessbase"]
[SourceDate "2019.11.06"]
[SourceVersion "1"]
[SourceVersionDate "2019.11.06"]
[SourceQuality "1"]
[WhiteTeam "Stockholm CC"]
[BlackTeam "Eksjo"]
[WhiteTeamCountry "SWE"]
[BlackTeamCountry "SWE"]

1. f4 b6 2. e4 Bb7 3. Nc3 e6 4. Nf3 Bb4 5. Bd3 Na6 6. a3 Bxc3 7. dxc3 Nc5 8. Qe2 Ne7 9. b4 Nxd3+ 10. cxd3 0-0 11. 0-0 f5 12. c4 Qe8 13. Qe3 fxe4 14. dxe4 Qg6 15. Re1 d6 16. Ra2 a5 17. Rf2 h6 18. Bb2 Qg4 19. Nd4 e5 20. fxe5 Rxf2 21. Qxf2 dxe5 22. Nf3 Ng6 23. Nxe5 Nxe5 24. Bxe5 axb4 25. axb4 Bxe4 26. h3 Qg6 27. Re3 Qf5 28. Qg3 g6 29. Re2 c5 30. Bb2 Rd8 31. Kh2 cxb4 32. Qc7 Qd7 33. Qe5 Qd6 34. Rxe4 Qxe5+ 35. Rxe5 1-0

[Event "Paracin Summer op-A 12th"]
[Site "Paracin"]
[Date "2019.07.06"]
[Round "2"]
[White "Gajic, Mladen"]
[Black "Sahil, Tickoo"]
[Result "0-1"]
[WhiteElo "2334"]
[BlackElo "2187"]
[PlyCount "74"]
[EventDate "2019.07.05"]
[EventType "swiss"]
[EventRounds "9"]
[EventCountry "SRB"]
[SourceTitle "EXT 2020"]
[Source "ChessBase"]
[SourceDate "2019.10.17"]
[SourceVersion "1"]
[SourceVersionDate "2019.10.17"]
[SourceQuality "1"]

1. e4 c5 2. c3 d5 3. exd5 Nf6 4. Bb5+ Nbd7 5. c4 a6 6. Bxd7+ Qxd7 7. b3 b5 8. Qe2 e6 9. Nf3 Be7 10. dxe6 Qxe6 11. Qxe6 Bxe6 12. d3 Bf5 13. Ke2 0-0-0 14. Rd1 Rhe8 15. Be3 Nh5 16. Nc3 Bf6 17. Nd5 Bxa1 18. Rxa1 Nf6 19. Nxf6 Bxd3+ 20. Kd2 gxf6 21. cxb5 Bxb5+ 22. Kc3 Rd3+ 23. Kb2 Bc6 24. Rc1 Bxf3 25. Rxc5+ Kb7 26. gxf3 Re5 27. Rc4 Rdd5 28. a4 a5 29. b4 axb4 30. Rxb4+ Kc8 31. Rc4+ Kd7 32. Kc3 Rf5 33. h4 Rd1 34. Kb4 h5 35. Re4 Rb1+ 36. Kc3 Rxf3 37. a5 Kc6 0-1